Entry Nombre personal
001 - NÚMERO DE CONTROL
- campo de control: 240350
003 - IDENTIFICADOR DE NÚMERO DE CONTROL
- campo de control: SpMaBN
005 - FECHA Y HORA DE LA ÚLTIMA TRANSACCIÓN
- campo de control: 20250510180011.0
008 - ELEMENTOS DE DATO DE LONGITUD-FIJA
- campo de control de longitud fija: 171179nn aijnnaabn a aaa
016 ## - NÚMERO DE CONTROL DE UNA AGENCIA BIBLIOGRÁFICA NACIONAL
- Número de control del registro: BNE19913019496
024 7# - IDENTIFICADOR DE OTROS ESTÁNDARES
- Número estándar o código: http://viaf.org/viaf/19685134/
- Fuente: viaf
024 8# - IDENTIFICADOR DE OTROS ESTÁNDARES
- Número estándar o código: https://data.cervantesvirtual.com/person/777
024 7# - IDENTIFICADOR DE OTROS ESTÁNDARES
- Número estándar o código: https://isni.org/isni/0000000122771584
- Fuente: isni
024 7# - IDENTIFICADOR DE OTROS ESTÁNDARES
- Número estándar o código: http://www.wikidata.org/entity/Q33391
- Fuente: wikidata
040 ## - FUENTE DE CATALOGACIÓN
- Centro catalogador/agencia de origen: SpMaBN
- Lengua de catalogación: spa
- Centro/agencia transcriptor: SpMaBN
- Normas de descripción: rdc
- Convención/Normas de encabezamiento de materia/tesauro: embne
046 ## - FECHAS CON CODIFICACIÓN ESPECIAL
- Fecha de nacimiento: 1879
- Fecha de la muerte: 1940
100 1# - ENCABEZAMIENTO-NOMBRE DE PERSONA
- Nombre de persona: Trotsky, Leon,
- Fechas asociadas al nombre: 1879-1940
373 ## - GRUPO ASOCIADO
- Grupo asociado: Buró Político del Comité Central del Partido Comunista de la Unión Soviética
- Grupo asociado: Trotskismo
- Fuente de información: Wikidata
374 ## - OCUPACIÓN
- Ocupación: Revolucionarios
- Ocupación: Filósofos
- Ocupación: Diplomáticos
- Ocupación: Politicos
- Fuente de información: Wikidata
375 ## - GÉNERO/SEXO
- Género: Masculino
- Fuente de información: Wikidata
377 ## - IDIOMA ASOCIADO
- Término de lengua/lenguaje: Alemán
- Término de lengua/lenguaje: Ucraniano
- Término de lengua/lenguaje: Ruso
400 1# - TRAZADO DE VÉASE--NOMBRE DE PERSONA
- Nombre de persona: Bronshtein, Lev Davidovich
- Fechas asociadas al nombre: 1879-1940
400 1# - TRAZADO DE VÉASE--NOMBRE DE PERSONA
- Nombre de persona: Bronstein, Lev Davidovich
- Fechas asociadas al nombre: 1879-1940
400 1# - TRAZADO DE VÉASE--NOMBRE DE PERSONA
- Nombre de persona: Trotski, L.
- Fechas asociadas al nombre: 1879-1940
400 1# - TRAZADO DE VÉASE--NOMBRE DE PERSONA
- Nombre de persona: Trotski, León
- Fechas asociadas al nombre: 1879-1940
400 1# - TRAZADO DE VÉASE--NOMBRE DE PERSONA
- Nombre de persona: Trotskiï, L.
- Fechas asociadas al nombre: 1879-1940
400 1# - TRAZADO DE VÉASE--NOMBRE DE PERSONA
- Nombre de persona: Trotskiï, L. D.
- Fechas asociadas al nombre: 1879-1940
400 1# - TRAZADO DE VÉASE--NOMBRE DE PERSONA
- Nombre de persona: Trotskii, Lev
- Fechas asociadas al nombre: 1879-1940
400 1# - TRAZADO DE VÉASE--NOMBRE DE PERSONA
- Nombre de persona: Trotsky
- Fechas asociadas al nombre: 1879-1940
400 1# - TRAZADO DE VÉASE--NOMBRE DE PERSONA
- Nombre de persona: Trotsky, L.
- Fechas asociadas al nombre: 1879-1940
400 1# - TRAZADO DE VÉASE--NOMBRE DE PERSONA
- Nombre de persona: Trotsky, Lev
- Fechas asociadas al nombre: 1879-1940
400 1# - TRAZADO DE VÉASE--NOMBRE DE PERSONA
- Nombre de persona: Trotzki, L.
- Fechas asociadas al nombre: 1879-1940
400 1# - TRAZADO DE VÉASE--NOMBRE DE PERSONA
- Nombre de persona: Trotzki, León
- Fechas asociadas al nombre: 1879-1940
400 1# - TRAZADO DE VÉASE--NOMBRE DE PERSONA
- Nombre de persona: Trotzky, León
- Fechas asociadas al nombre: 1879-1940
670 ## - FUENTE DE DATOS ENCONTRADOS
- Cita de la fuente: Cómo hicimos la revolución, 1930
- Información encontrada: port. (León Trotsky)
670 ## - FUENTE DE DATOS ENCONTRADOS
- Cita de la fuente: Lutte et réconciliation, 1926
- Información encontrada: port. (Lev Trotskii)
670 ## - FUENTE DE DATOS ENCONTRADOS
- Cita de la fuente: La situación real de Rusia, 1929
- Información encontrada: port. (León Trotzki)
670 ## - FUENTE DE DATOS ENCONTRADOS
- Cita de la fuente: Literatura y revolución, 1930
- Información encontrada: port. (L. Trotzki)
670 ## - FUENTE DE DATOS ENCONTRADOS
- Cita de la fuente: La economía soviética en peligro, 1933
- Información encontrada: port. (L. Trotsky)
670 ## - FUENTE DE DATOS ENCONTRADOS
- Cita de la fuente: De octubre rojo a mi destierro, s.a.
- Información encontrada: port. (León Trotzky)
670 ## - FUENTE DE DATOS ENCONTRADOS
- Cita de la fuente: En España, 1976
- Información encontrada: port. (León Trotski)
670 ## - FUENTE DE DATOS ENCONTRADOS
- Cita de la fuente: España, 1930-36, 1977
- Información encontrada: port. (Trotsky)
670 ## - FUENTE DE DATOS ENCONTRADOS
- Cita de la fuente: La revolución permanente, 1985
- Información encontrada: port. (Lev Trotsky)
670 ## - FUENTE DE DATOS ENCONTRADOS
- Cita de la fuente: Stalin, 1990
- Información encontrada: port. (Lev Trotskiï)
670 ## - FUENTE DE DATOS ENCONTRADOS
- Cita de la fuente: WWW LC auth. file, 5-11-2001
- Información encontrada: (Trotsky, Leon, 1879-1940)
670 ## - FUENTE DE DATOS ENCONTRADOS
- Cita de la fuente: Dicc. enc. Espasa
- Información encontrada: (Bronstein, Lev Davidovich; más conocido por el seud. de Lev o León Trotski; n. 1877, Ianovka, m. 1940, Coyoacán; político y escritor ruso)
670 ## - FUENTE DE DATOS ENCONTRADOS
- Cita de la fuente: Dic. de biografías, 1999
- Información encontrada: (Trotski, Lev Davídovich [Lev Davídovich Bronstein]; n. 1879, Yánovka, actual Ucrania, m. 1940, Coyoacán, México; político soviético)
